| LEADER 00000nam 2200000uu 4500 |
| 001 13399123901 |
| 003 BCNT |
| 008 260701s||||||||th 000 0 tha d |
| 020 9786165720151
|
| 050 4 WY 164 ก115ผ 2568
|
| 060 0 WY 164 ก115ผ 2568
|
| 100 0 ^aกันตพร ยอดไชย.
|
| 245 1 ^aผู้ป่วยโรคไตเรื้อรัง:^bการพยาบาลและการจัดการอาการ = Patients with chronic kindey disease: nursing care and symptom management /^cกันตพร ยอดไชย.
|
| 246 3 ^aPatients with chronic kidey disease: nursing care nd symptom management
|
| 250 ^aพิมพ์ครั้งที่ 6.
|
| 260 ^aสงขลา :^bคณะพยาบาลศาสตร์ มหาวทยาลัยสงขลานครินทร์ วิทยาเขตหาดใหญ่,^c2568.
|
| 300 ^a206 หน้า ;^c25 ซม.
|
| 505 0 ^aบทที่ 1 แนวคิดเกี่ยวกับโรคไตเรื้อรัง -- บทที่ 2 การพยาบาลเพื่อส่งเสริมการปรับตัวในผู้ป่วยโรคไตเรื้อรัง -- บทที่ 3 การส่งเสริมวิธีการจัดการอาการกับภาวะแทรกซ้อนที่พบบ่อยในผู้ป่วยโรคไตเรื้อรัง -- บทที่ 4 การดูแลด้านจิตวิญญาณในผู้ป่วยโรคไตเรื้อรัง -- บทที่ 5 การดูแลแบบประคับประคองและการดูแลระยะท้ายในผู้ป่วยโรคไตเรื้อรัง^
|
| 650 ^aaโรคไต^xการรักษา
|
| 999 ^aparamin
|